[Event "Olomouc Seniors op"]
[Site "Olomouc"]
[Date "2022.08.14"]
[Round "3"]
[White "Sedlak, Ludek"]
[Black "Mikulas, Dusan"]
[Result "1/2-1/2"]
[WhiteElo "1852"]
[BlackElo "2045"]
[PlyCount "35"]
[EventDate "2022.08.13"]
[EventType "swiss"]
[EventRounds "9"]
[EventCountry "CZE"]
[SourceTitle "CBM 209 Extra"]
[Source "ChessBase"]
[SourceDate "2022.09.30"]
[SourceVersion "1"]
[SourceVersionDate "2022.09.30"]
[SourceQuality "1"]

1. e4 c5 2. Nf3 d6 3. d4 cxd4 4. Nxd4 Nf6 5. Nc3 Nc6 6. h3 g6 7. Bc4 Qb6 8. Nxc6 bxc6 9. 0-0 Bg7 10. Bb3 0-0 11. Be3 Qc7 12. Qd2 a5 13. a4 Rb8 14. f3 Be6 15. Bxe6 fxe6 16. b3 Rf7 17. Rad1 Rbf8 18. e5 1/2-1/2

[Event "WchT Seniors 65"]
[Site "Prague"]
[Date "2020.03.08"]
[Round "3.22"]
[White "Powell, Lloyd"]
[Black "Sedlak, Ludek"]
[Result "1-0"]
[WhiteElo "2057"]
[BlackElo "1917"]
[PlyCount "83"]
[EventDate "2020.03.06"]
[EventType "team-swiss"]
[EventRounds "7"]
[EventCountry "CZE"]
[SourceTitle "CBM 195 Extra"]
[Source "ChessBase"]
[SourceDate "2020.05.31"]
[SourceVersion "1"]
[SourceVersionDate "2020.05.31"]
[SourceQuality "1"]
[WhiteTeam "Wales 65"]
[BlackTeam "Czech Republic 65 IX"]
[WhiteTeamCountry "WLS"]
[BlackTeamCountry "CZE"]

1. d4 Nf6 2. c4 g6 3. Nc3 d5 4. Nf3 Bg7 5. cxd5 Nxd5 6. g3 0-0 7. Bg2 c5 8. 0-0 cxd4 9. Nxd4 Nxc3 10. bxc3 e5 11. Nb5 Qb6 12. Qb3 Be6 13. Be3 Bxb3 14. Bxb6 axb6 15. axb3 Nc6 16. Nd6 Rab8 17. Rfd1 Bf6 18. e3 Be7 19. Nc4 Rbd8 20. Nxb6 Rxd1+ 21. Rxd1 Rd8 22. Rxd8+ Bxd8 23. Nc4 Bc7 24. b4 Na7 25. Bxb7 Nb5 26. Bc6 Nxc3 27. Kf1 Kf8 28. Ke1 Ke7 29. Kd2 Na2 30. b5 Nb4 31. Kc3 Nxc6 32. bxc6 f5 33. Kb4 Ke6 34. Kc5 g5 35. Nd2 e4 36. Nb3 h5 37. Nd4+ Ke5 38. Nb5 Bd8 39. c7 Bxc7 40. Nxc7 h4 41. gxh4 gxh4 42. Nd5 1-0

[Event "WchT Seniors 65"]
[Site "Prague"]
[Date "2020.03.07"]
[Round "2.18"]
[White "Sedlak, Ludek"]
[Black "Dovzhenko, Viktor"]
[Result "0-1"]
[WhiteElo "1917"]
[BlackElo "2069"]
[PlyCount "100"]
[EventDate "2020.03.06"]
[EventType "team-swiss"]
[EventRounds "7"]
[EventCountry "CZE"]
[SourceTitle "CBM 195 Extra"]
[Source "ChessBase"]
[SourceDate "2020.05.31"]
[SourceVersion "1"]
[SourceVersionDate "2020.05.31"]
[SourceQuality "1"]
[WhiteTeam "Czech Republic 65 IX"]
[BlackTeam "Ukraine 65"]
[WhiteTeamCountry "CZE"]
[BlackTeamCountry "UKR"]

1. e4 g6 2. d4 Bg7 3. Nc3 a6 4. f4 d5 5. Nxd5 e6 6. Ne3 Qxd4 7. Qxd4 Bxd4 8. Nf3 Ba7 9. Ng4 h5 10. Nge5 Ne7 11. Bd2 b5 12. Bc3 0-0 13. 0-0-0 f6 14. Nd3 Bb7 15. Bb4 Re8 16. e5 f5 17. Bc5 Bxf3 18. gxf3 Nd5 19. Bxa7 Rxa7 20. c3 Kf7 21. Rd2 Nc6 22. Be2 Na5 23. Nc5 Nxf4 24. Re1 g5 25. Rg1 g4 26. fxg4 Nxe2+ 27. Rxe2 hxg4 28. Rf2 Rg8 29. Rd2 c6 30. b3 Re7 31. Rdg2 Rh8 32. Rf2 Kg6 33. Nd3 Reh7 34. Nf4+ Kf7 35. Rgg2 Nb7 36. Nd3 Rh3 37. Kc2 Rd8 38. Rg3 Rh4 39. Nf4 Nc5 40. Re3 Rh6 41. Ne2 Rdh8 42. b4 Rxh2 43. Rxh2 Rxh2 44. bxc5 f4 45. Re4 f3 46. Rf4+ Ke7 47. Rxg4 Rxe2+ 48. Kd3 Rxe5 49. Rg7+ Kf6 50. Rg8 Rf5 0-1

[Event "Prague Holiday M22"]
[Site "Prague"]
[Date "2015.07.28"]
[Round "5"]
[White "Sedlak, Ludek"]
[Black "Dalling, Peter"]
[Result "1-0"]
[WhiteElo "1975"]
[BlackElo "1825"]
[PlyCount "89"]
[EventDate "2015.07.26"]
[EventType "tourn"]
[EventRounds "9"]
[EventCountry "CZE"]
[SourceTitle "EXT 2017"]
[Source "ChessBase"]
[SourceDate "2016.10.25"]
[SourceVersion "1"]
[SourceVersionDate "2016.10.25"]
[SourceQuality "1"]

1. e4 e5 2. Nf3 Nf6 3. Nxe5 Nc6 4. Nxc6 dxc6 5. e5 Nd5 6. Nc3 Be6 7. d4 Be7 8. Be2 Qd7 9. Ne4 h6 10. Nc5 Bxc5 11. dxc5 Qe7 12. c4 Nb4 13. Qb3 a5 14. Be3 Bf5 15. Rc1 Rb8 16. a3 Na6 17. Qc3 Nxc5 18. Bxc5 Qxc5 19. b4 axb4 20. axb4 Qe7 21. 0-0 0-0 22. Bd1 Rfd8 23. Bc2 Bxc2 24. Rxc2 Rd7 25. f4 Rbd8 26. f5 Qg5 27. e6 fxe6 28. fxe6 Rd3 29. Qe1 Qe3+ 30. Qxe3 Rxe3 31. Rcf2 Rxe6 32. Rf7 Rde8 33. Rxc7 R8e7 34. Rxe7 Rxe7 35. Rf4 g5 36. Rd4 Kg7 37. Kf2 Kf6 38. Kf3 h5 39. g4 h4 40. b5 cxb5 41. cxb5 Re5 42. Rd6+ Re6 43. Rxe6+ Kxe6 44. Ke4 h3 45. b6 1-0

[Event "Prague Holiday M22"]
[Site "Prague"]
[Date "2015.07.26"]
[Round "1"]
[White "Sedlak, Ludek"]
[Black "Hentzgen, Thomas"]
[Result "0-1"]
[WhiteElo "1975"]
[BlackElo "2085"]
[PlyCount "90"]
[EventDate "2015.07.26"]
[EventType "tourn"]
[EventRounds "9"]
[EventCountry "CZE"]
[SourceTitle "EXT 2017"]
[Source "ChessBase"]
[SourceDate "2016.10.25"]
[SourceVersion "1"]
[SourceVersionDate "2016.10.25"]
[SourceQuality "1"]

1. e4 c5 2. d4 cxd4 3. Nf3 Nc6 4. c3 dxc3 5. Nxc3 a6 6. Bc4 e6 7. 0-0 Nge7 8. Bg5 f6 9. Bf4 Ng6 10. Bg3 Be7 11. a4 0-0 12. Qe2 Bc5 13. Rfd1 Qe7 14. Rd2 Nge5 15. Nxe5 fxe5 16. Qh5 d6 17. Kh1 Bd7 18. Rad1 Rf6 19. Bh4 Qf7 20. Be2 Qxh5 21. Bxh5 Rh6 22. g4 Be8 23. Bg5 Bxh5 24. Bxh6 Bxg4 25. Be3 Bxe3 26. fxe3 Bxd1 27. Rxd1 Rd8 28. Kg2 Kf7 29. Rd3 Nb4 30. Rd2 Ke7 31. Kf3 Rc8 32. Rg2 g6 33. Rg3 Kf6 34. Ke2 d5 35. Rg4 h5 36. Rh4 Kg5 37. Rh3 h4 38. Rf3 d4 39. exd4 exd4 40. Nd1 Rc2+ 41. Kf1 d3 42. h3 Re2 43. Nf2 Rxb2 44. Nxd3 Nxd3 45. Rxd3 Rb4 0-1

[Event "Rakovnik Regional-chT 1415"]
[Site "Rakovnik"]
[Date "2015.04.12"]
[Round "11.6"]
[White "Maly, Filip"]
[Black "Sedlak, Ludek"]
[Result "0-1"]
[WhiteElo "1953"]
[BlackElo "1929"]
[PlyCount "48"]
[EventDate "2014.10.19"]
[EventType "team-tourn"]
[EventRounds "11"]
[EventCountry "CZE"]
[SourceTitle "EXT 2016"]
[Source "ChessBase"]
[SourceDate "2015.10.08"]
[SourceVersion "1"]
[SourceVersionDate "2015.10.08"]
[SourceQuality "1"]
[WhiteTeam "Ricany II"]
[BlackTeam "Uholicky"]
[WhiteTeamCountry "CZE"]
[BlackTeamCountry "CZE"]

1. e4 e5 2. Nf3 Nc6 3. Bb5 a6 4. Ba4 Nf6 5. 0-0 Be7 6. Re1 b5 7. Bb3 0-0 8. a4 Bb7 9. d3 d5 10. axb5 axb5 11. Rxa8 Bxa8 12. exd5 Nxd5 13. Nxe5 Nd4 14. Ba2 Nb4 15. Bxf7+ Rxf7 16. Nxf7 Kxf7 17. Qh5+ Kg8 18. Bg5 Qd5 19. f3 g6 20. Qg4 Bxg5 21. Re8+ Kf7 22. Qc8 Bb7 23. Rf8+ Kg7 24. Qe8 Qe6 0-1

[Event "Czechia KP-chTA 0607"]
[Site "Czech Republic"]
[Date "2007.04.01"]
[Round "11.8"]
[White "Sedlak, Ludek"]
[Black "Abraham, Karel"]
[Result "1-0"]
[WhiteElo "1983"]
[BlackElo "1904"]
[PlyCount "77"]
[EventDate "2006.10.29"]
[EventType "team"]
[EventRounds "11"]
[EventCountry "CZE"]
[SourceTitle "EXT 2008"]
[Source "ChessBase"]
[SourceDate "2007.11.25"]
[SourceVersion "1"]
[SourceVersionDate "2007.11.25"]
[SourceQuality "1"]
[WhiteTeam "Uholicky"]
[BlackTeam "Kladno"]
[WhiteTeamCountry "CZE"]
[BlackTeamCountry "CZE"]

1. e4 e6 2. d3 d5 3. Nd2 Nf6 4. g3 dxe4 5. dxe4 b6 6. Bg2 Bb7 7. Qe2 Be7 8. Ngf3 c5 9. 0-0 0-0 10. e5 Nfd7 11. Ne4 Qc7 12. Bf4 Nc6 13. Rad1 Rad8 14. Nf6+ Kh8 15. Ng5 g6 16. Nfxh7 Nd4 17. Qg4 Bxg2 18. Kxg2 Qc6+ 19. f3 Bxg5 20. Bxg5 Kxh7 21. Qh4+ Kg7 22. Bf6+ Nxf6 23. exf6+ Kg8 24. Rxd4 e5 25. Re4 Rd6 26. Rxe5 Rxf6 27. Qe4 Qxe4 28. Rxe4 Rd8 29. Re7 Rfd6 30. Rfe1 a5 31. Kf2 Rd2+ 32. R1e2 Kf8 33. Rb7 Rxe2+ 34. Kxe2 Rd6 35. h4 Kg7 36. g4 Kf6 37. Rb8 Ke5 38. Re8+ Kf4 39. Kf2 1-0

[Event "Czechia KP-chTA 0607"]
[Site "Czech Republic"]
[Date "2007.02.18"]
[Round "8.7"]
[White "Gasek, Stanislav"]
[Black "Sedlak, Ludek"]
[Result "0-1"]
[WhiteElo "1831"]
[BlackElo "1983"]
[PlyCount "39"]
[EventDate "2006.10.29"]
[EventType "team"]
[EventRounds "11"]
[EventCountry "CZE"]
[SourceTitle "EXT 2008"]
[Source "ChessBase"]
[SourceDate "2007.11.25"]
[SourceVersion "1"]
[SourceVersionDate "2007.11.25"]
[SourceQuality "1"]
[WhiteTeam "Pribram II"]
[BlackTeam "Uholicky"]
[WhiteTeamCountry "CZE"]
[BlackTeamCountry "CZE"]

1. e4 e6 2. d3 d5 3. Nd2 b6 4. g3 Bb7 5. Bg2 Nd7 6. Ngf3 Bb4 7. c3 Bd6 8. Qe2 e5 9. exd5 Bxd5 10. Nxe5 Qe7 11. Bxd5 Nxe5 12. Bxa8 Nxd3+ 13. Kd1 Nc5 14. Bc6+ Kd8 15. Re1 Nf6 16. Qxe7+ Bxe7 17. Kc2 h5 18. Nf3 Ng4 19. Be3 Bd6 20. Rad1 0-1

[Event "Czechia KP-chTA 0607"]
[Site "Czech Republic"]
[Date "2007.02.04"]
[Round "7.7"]
[White "Kozeny, Pavel"]
[Black "Sedlak, Ludek"]
[Result "1-0"]
[WhiteElo "2059"]
[BlackElo "1983"]
[PlyCount "121"]
[EventDate "2006.10.29"]
[EventType "team"]
[EventRounds "11"]
[EventCountry "CZE"]
[SourceTitle "EXT 2008"]
[Source "ChessBase"]
[SourceDate "2007.11.25"]
[SourceVersion "1"]
[SourceVersionDate "2007.11.25"]
[SourceQuality "1"]
[WhiteTeam "Lysa nad Labem II"]
[BlackTeam "Uholicky"]
[WhiteTeamCountry "CZE"]
[BlackTeamCountry "CZE"]

1. c4 Nf6 2. Nc3 g6 3. e4 d6 4. d4 Bg7 5. f4 c5 6. d5 0-0 7. Nf3 e6 8. Be2 exd5 9. cxd5 Re8 10. e5 dxe5 11. fxe5 Ng4 12. Bg5 f6 13. exf6 Bxf6 14. Qd2 Bxg5 15. Nxg5 Ne3 16. Nge4 Nxg2+ 17. Kd1 Bf5 18. d6 Rxe4 19. Nxe4 Bxe4 20. Bc4+ Kg7 21. Rf1 Bf5 22. Qxg2 Qxd6+ 23. Kc1 Qd7 24. Qd5 Qxd5 25. Bxd5 Nc6 26. Bxc6 bxc6 27. b3 a5 28. Kb2 Kf6 29. Rac1 a4 30. Rxc5 a3+ 31. Kc3 Ra6 32. Kb4 Ke7 33. Ra5 Rb6+ 34. Kxa3 h5 35. h4 Kd6 36. Kb2 Rb8 37. a4 Re8 38. Rfxf5 gxf5 39. Rxf5 Re2+ 40. Ka3 c5 41. Rxh5 Re3 42. Kb2 Re2+ 43. Kc3 Re3+ 44. Kc2 Rf3 45. b4 cxb4 46. a5 Kc6 47. Rh6+ Kb7 48. Rb6+ Ka7 49. Rxb4 Rh3 50. Ra4 Ka6 51. Kd2 Rg3 52. Ke2 Kb5 53. Kf2 Rc3 54. Ra1 Ka6 55. Rh1 Kxa5 56. h5 Kb5 57. h6 Rc2+ 58. Kf3 Rc3+ 59. Kf4 Rc4+ 60. Ke5 Rc5+ 61. Ke6 1-0

[Event "CZE-chT3A Middle 0506  "]
[Site "Czech Republic"]
[Date "2006.04.02"]
[Round "11.7"]
[White "Garsic, Petr"]
[Black "Sedlak, Ludek"]
[Result "0-1"]
[WhiteElo "2144"]
[BlackElo "1953"]
[PlyCount "26"]
[EventDate "2005.10.30"]
[EventType "team"]
[EventRounds "11"]
[EventCountry "CZE"]
[SourceTitle "EXT 2009"]
[Source "ChessBase"]
[SourceDate "2008.11.26"]
[SourceVersion "1"]
[SourceVersionDate "2008.11.26"]
[SourceQuality "1"]

1. d4 f5 2. e4 fxe4 3. Nc3 Nf6 4. Bg5 d5 5. f3 Bf5 6. Bxf6 exf6 7. fxe4 dxe4 8. Qh5+ g6 9. Qd1 h5 10. Bb5+ c6 11. Bc4 Nd7 12. Qe2 Qe7 13. 0-0-0 Bg4 0-1